[Event "WchT Seniors 65"]
[Site "Struga"]
[Date "2023.09.21"]
[Round "3.2"]
[White "Meister, Jakob"]
[Black "Kralevski, Aleksander"]
[Result "1-0"]
[WhiteElo "2439"]
[BlackElo "2054"]
[PlyCount "133"]
[EventDate "2023.09.19"]
[EventType "team-swiss"]
[EventRounds "9"]
[EventCountry "MKD"]
[SourceTitle "EXT 2024"]
[Source "ChessBase"]
[SourceDate "2023.10.10"]
[SourceVersion "1"]
[SourceVersionDate "2023.10.10"]
[SourceQuality "1"]
[WhiteTeam "Lasker Schachstiftung 65"]
[BlackTeam "Macedonia 65"]
[WhiteTeamCountry "GER"]
[BlackTeamCountry "MKD"]

1. e4 e5 2. Bc4 Nf6 3. d3 c6 4. Nf3 d5 5. Bb3 Bd6 6. Nc3 dxe4 7. Ng5 0-0 8. Ncxe4 Nxe4 9. Nxe4 Bf5 10. Qf3 Bxe4 11. dxe4 Nd7 12. c3 Nc5 13. Bc2 Ne6 14. 0-0 a5 15. a4 Qe7 16. Be3 Bc5 17. Bd2 Rfd8 18. Rad1 Rd7 19. Bc1 Rxd1 20. Rxd1 Rd8 21. Rxd8+ Qxd8 22. Bb3 Qd6 23. g3 Qd8 24. Kg2 Qe7 25. Qf5 Bd6 26. Be3 g6 27. Qf3 Nc5 28. Bc2 Kg7 29. h4 h5 30. Bg5 f6 31. Bc1 Kh7 32. Qd1 Bc7 33. Be3 Nd7 34. Qd3 Bb6 35. Bc1 Bc5 36. Bb3 Qe8 37. Qc4 Bb6 38. Ba2 Ba7 39. Qe2 Bc5 40. Qc2 b6 41. b4 Bf8 42. Qb3 Bh6 43. Ba3 Bd2 44. Qc4 axb4 45. cxb4 c5 46. bxc5 Nxc5 47. Bxc5 bxc5 48. Qxc5 Qd8 49. Qa7+ Kh6 50. Qf7 Bb4 51. Bd5 Ba5 52. Bc6 Qh8 53. Be8 Qg7 54. Qe6 Qf8 55. Bc6 Bb4 56. Qd5 Qd6 57. Qxd6 Bxd6 58. a5 f5 59. a6 Bc5 60. f3 f4 61. gxf4 exf4 62. e5 Kg7 63. Be8 Kh6 64. Kf1 g5 65. hxg5+ Kxg5 66. Bd7 Ba7 67. Ke2 1-0

[Event "FRM-chT2"]
[Site "Struga"]
[Date "2023.07.01"]
[Round "2.3"]
[White "Kalin, Andrei"]
[Black "Kralevski, Aleksander"]
[Result "0-1"]
[WhiteElo "1490"]
[BlackElo "2041"]
[PlyCount "92"]
[EventDate "2023.06.30"]
[EventType "team-tourn"]
[EventRounds "7"]
[EventCountry "MKD"]
[SourceTitle "EXT 2024"]
[Source "ChessBase"]
[SourceDate "2023.10.10"]
[SourceVersion "1"]
[SourceVersionDate "2023.10.10"]
[SourceQuality "1"]

1. e4 e5 2. Nf3 Nf6 3. Nxe5 d6 4. Nf3 Nxe4 5. Nc3 Nxc3 6. dxc3 Be7 7. Bd3 Nc6 8. Be3 Be6 9. Nd4 Nxd4 10. cxd4 d5 11. Bf4 Bf6 12. c3 Qd7 13. Qc2 h6 14. Qe2 0-0 15. 0-0 Rfe8 16. Qf3 Bg4 17. Qg3 Be2 18. Rfe1 Bxd3 19. Qxd3 c6 20. h3 Re6 21. Rxe6 Qxe6 22. Qe3 Qf5 23. Re1 a5 24. Qg3 Qc2 25. Bc1 Bg5 26. f4 Bf6 27. Qf2 Qb1 28. a3 b5 29. f5 Qd3 30. Qf1 Qc2 31. Qf2 Qb3 32. Qf4 b4 33. Qc7 Qc4 34. Qg3 bxc3 35. bxc3 Kh7 36. Bf4 Qb3 37. Be5 Bxe5 38. Rxe5 Qxa3 39. Qe3 Qf8 40. f6 g6 41. Re7 Kg8 42. Rb7 a4 43. Qe7 a3 44. Qxf8+ Kxf8 45. Rb1 a2 46. Ra1 Ke8 0-1

[Event "FRM-ch op"]
[Site "Skopje"]
[Date "2023.05.10"]
[Round "8"]
[White "Kralevski, Aleksander"]
[Black "Risteski, Emil"]
[Result "0-1"]
[WhiteElo "2028"]
[BlackElo "2366"]
[PlyCount "66"]
[EventDate "2023.05.04"]
[EventType "swiss"]
[EventRounds "9"]
[EventCountry "MKD"]
[SourceTitle "CBM 214 Extra"]
[Source "ChessBase"]
[SourceDate "2023.07.31"]
[SourceVersion "1"]
[SourceVersionDate "2023.07.31"]
[SourceQuality "1"]

1. e4 g6 2. d4 Bg7 3. Nc3 d6 4. Be3 a6 5. Qd2 b5 6. a3 Bb7 7. d5 c6 8. Nf3 cxd5 9. Nxd5 Nd7 10. 0-0-0 Rc8 11. Kb1 Ngf6 12. Nxf6+ Bxf6 13. Bd3 Nc5 14. Bh6 Bxe4 15. Bxe4 Nxe4 16. Qe3 d5 17. Rhe1 e6 18. Re2 Qa5 19. Nd4 b4 20. Rd3 bxa3 21. Rxa3 Qb6 22. Nb3 Qxe3 23. Bxe3 Ra8 24. f3 Nd6 25. Nc5 Nc4 26. Rxa6 Rxa6 27. Nxa6 Bxb2 28. Nc5 Ke7 29. Nb3 Bc3 30. Bd4 Bxd4 31. Nxd4 Kd6 32. c3 Rb8+ 33. Kc1 e5 0-1

[Event "Skopje op"]
[Site "Skopje"]
[Date "2022.10.25"]
[Round "7"]
[White "Lazov, Toni"]
[Black "Kralevski, Aleksander"]
[Result "1-0"]
[WhiteElo "2350"]
[BlackElo "2089"]
[PlyCount "199"]
[EventDate "2022.10.21"]
[EventType "swiss"]
[EventRounds "9"]
[EventCountry "MKD"]
[SourceTitle "EXT 2024"]
[Source "ChessBase"]
[SourceDate "2023.10.10"]
[SourceVersion "1"]
[SourceVersionDate "2023.10.10"]
[SourceQuality "1"]

1. e4 e5 2. Bc4 Nf6 3. d3 c6 4. Nf3 d5 5. Bb3 Bb4+ 6. c3 Bd6 7. 0-0 dxe4 8. dxe4 0-0 9. Nbd2 Bc7 10. h3 h6 11. Re1 Na6 12. Qe2 Nc5 13. Bc2 a5 14. Nh4 Re8 15. Qf3 Nh7 16. Nf5 Qf6 17. Ng3 Qxf3 18. Nxf3 Be6 19. Be3 Nd7 20. Red1 Nhf6 21. a4 b6 22. Nd2 Rad8 23. Bb3 Bxb3 24. Nxb3 Nf8 25. f3 Ne6 26. Nf1 Kf8 27. Kf2 Rxd1 28. Rxd1 Ke7 29. Nfd2 Rd8 30. Ra1 c5 31. Nc4 Ne8 32. Ke2 Kd7 33. g3 Kc6 34. Nbd2 f6 35. Rf1 Nd6 36. Nxd6 Bxd6 37. f4 b5 38. axb5+ Kxb5 39. b3 Bc7 40. f5 Nf8 41. Ra1 Nd7 42. Nc4 Ra8 43. Rd1 Kc6 44. Kd3 a4 45. Ra1 Kb5 46. Na3+ Kc6 47. Nc4 Kb5 48. Rxa4 Rxa4 49. bxa4+ Kxa4 50. g4 Kb3 51. h4 Ka4 52. Bc1 Kb5 53. g5 hxg5 54. hxg5 fxg5 55. Bxg5 Kc6 56. Be7 Bb8 57. Na5+ Kb6 58. Nc4+ Kc6 59. Kc2 Bc7 60. Kb3 Kb5 61. Ne3 Kc6 62. Kc4 Nb6+ 63. Kd3 Bd6 64. Bd8 Bc7 65. Bh4 Kb5 66. Be7 c4+ 67. Kd2 Kc6 68. Bf8 Nd7 69. Bxg7 Nc5 70. Nxc4 Nxe4+ 71. Kc2 Ng3 72. f6 Bd8 73. f7 Be7 74. Nxe5+ Kd5 75. Nd3 Ne4 76. Nf4+ Kc4 77. Ng6 Bd6 78. Ne5+ Kd5 79. Nd3 Kc4 80. Nb2+ Kd5 81. c4+ Kc5 82. f8Q Bxf8 83. Bxf8+ Kc6 84. Bb4 Ng5 85. Kc3 Ne6 86. Nd3 Kb6 87. Ne5 Kc7 88. Kd3 Kb7 89. Ke4 Nc7 90. Bd6 Na8 91. Kf5 Nb6 92. c5 Na4 93. c6+ Kb6 94. Ke6 Kb5 95. Be7 Nb6 96. Bd8 Na4 97. Kd6 Ka6 98. Bh4 Nc3 99. Bf2 Ne4+ 100. Ke6 1-0

[Event "Skopje op"]
[Site "Skopje"]
[Date "2022.10.22"]
[Round "3"]
[White "Korneev, Oleg"]
[Black "Kralevski, Aleksander"]
[Result "1-0"]
[WhiteElo "2466"]
[BlackElo "2089"]
[PlyCount "53"]
[EventDate "2022.10.21"]
[EventType "swiss"]
[EventRounds "9"]
[EventCountry "MKD"]
[SourceTitle "EXT 2024"]
[Source "ChessBase"]
[SourceDate "2023.10.10"]
[SourceVersion "1"]
[SourceVersionDate "2023.10.10"]
[SourceQuality "1"]

1. e4 e5 2. Bc4 Nf6 3. d3 c6 4. Nf3 d5 5. Bb3 Bd6 6. Nc3 d4 7. Ne2 h6 8. 0-0 c5 9. Ng3 Nc6 10. c3 Bd7 11. cxd4 cxd4 12. Bd2 Rc8 13. Rc1 Qb6 14. h3 0-0 15. Nh4 Ne7 16. Rxc8 Bxc8 17. Qf3 Bb4 18. Bc1 Be6 19. Bxe6 fxe6 20. Nh5 Kh7 21. Nxf6+ Rxf6 22. Qh5 Nc6 23. Bg5 Rf8 24. a3 Bd6 25. Bxh6 Qc7 26. Bg5+ Kg8 27. Ng6 1-0

[Event "FRM-chT 30th"]
[Site "Struga"]
[Date "2022.10.15"]
[Round "2.6"]
[White "Kralevski, Aleksander"]
[Black "Lozanovski, Andrej"]
[Result "1-0"]
[WhiteElo "2089"]
[BlackElo "1199"]
[PlyCount "89"]
[EventDate "2022.10.14"]
[EventType "team-tourn"]
[EventRounds "7"]
[EventCountry "MKD"]
[SourceTitle "CBM 210 Extra"]
[Source "ChessBase"]
[SourceDate "2022.11.30"]
[SourceVersion "1"]
[SourceVersionDate "2022.11.30"]
[SourceQuality "1"]
[WhiteTeam "Kumanovo Fisher"]
[BlackTeam "Bitola Patako"]
[WhiteTeamCountry "MKD"]
[BlackTeamCountry "MKD"]

1. e4 c6 2. d4 d5 3. e5 Bf5 4. Nf3 e6 5. Be2 Nd7 6. 0-0 Ne7 7. c4 h6 8. Nc3 Bh7 9. cxd5 cxd5 10. Qb3 Qb6 11. Bb5 Nc6 12. Na4 Qc7 13. Bd2 Be7 14. Rfb1 0-0 15. Bd3 Bxd3 16. Qxd3 Rfc8 17. a3 a6 18. g4 b5 19. Nc3 Qd8 20. Kh1 Na5 21. Rg1 Nf8 22. Ne2 Nc4 23. Bc1 Rc7 24. Ng3 Rac8 25. Nh5 Bg5 26. Nxg5 hxg5 27. h3 Nb6 28. Bd2 Rc2 29. h4 gxh4 30. f4 Nh7 31. f5 Rxb2 32. Rac1 Rxc1 33. Bxc1 Ra2 34. Qe3 Nd7 35. Bd2 Qc8 36. Rc1 Rc2 37. Rf1 Ra2 38. Rc1 Rc2 39. Rf1 Ra2 40. fxe6 fxe6 41. Qf3 Qf8 42. Qd3 Qe7 43. Bc1 Nhf8 44. g5 Ra1 45. Qd2 1-0

[Event "FRM-chT 30th"]
[Site "Struga"]
[Date "2022.10.14"]
[Round "1.6"]
[White "Stojkoski, Acko"]
[Black "Kralevski, Aleksander"]
[Result "1-0"]
[WhiteElo "2040"]
[BlackElo "2089"]
[PlyCount "119"]
[EventDate "2022.10.14"]
[EventType "team-tourn"]
[EventRounds "7"]
[EventCountry "MKD"]
[SourceTitle "CBM 210 Extra"]
[Source "ChessBase"]
[SourceDate "2022.11.30"]
[SourceVersion "1"]
[SourceVersionDate "2022.11.30"]
[SourceQuality "1"]
[WhiteTeam "Gostivar"]
[BlackTeam "Kumanovo Fisher"]
[WhiteTeamCountry "MKD"]
[BlackTeamCountry "MKD"]

1. Nf3 d5 2. d4 Nf6 3. g3 c6 4. Bg2 Bg4 5. Ne5 Bf5 6. Nd2 Nbd7 7. Ndf3 e6 8. Bf4 Be4 9. 0-0 Nxe5 10. Nxe5 Bxg2 11. Kxg2 Bd6 12. e3 h6 13. h4 Qe7 14. h5 0-0-0 15. g4 Nd7 16. Nxd7 Rxd7 17. Bxd6 Rxd6 18. f4 f5 19. Kh3 g6 20. Rg1 fxg4+ 21. Qxg4 gxh5 22. Qxh5 Rdd8 23. Rg2 Rdg8 24. Rag1 Rxg2 25. Rxg2 Kd7 26. Qe5 Rf8 27. Rg7 Rf7 28. Rg8 Rf8 29. Rg6 b6 30. c3 a5 31. Kg4 b5 32. Qg7 Qxg7 33. Rxg7+ Kd6 34. Rg6 Kd7 35. Kh5 a4 36. a3 Rc8 37. Rg7+ Kd6 38. Rg6 Kd7 39. Kxh6 Rh8+ 40. Kg7 Rh2 41. Kf7 Rxb2 42. Rxe6 Rb3 43. Re7+ Kd8 44. Ke6 Rxc3 45. Kd6 Rxa3 46. f5 Ra1 47. f6 Rf1 48. Ke6 Rf3 49. f7 b4 50. Ra7 a3 51. Ra4 Kc7 52. Rxb4 Rxe3+ 53. Kf6 Rf3+ 54. Ke7 Re3+ 55. Kf8 a2 56. Ra4 Re2 57. Kg7 Rg2+ 58. Kh6 Rf2 59. Rxa2 Rf1 60. Ra8 1-0

[Event "Skopje-ch Seniors"]
[Site "Skopje"]
[Date "2022.10.07"]
[Round "1"]
[White "Kralevski, Aleksander"]
[Black "Jovanovski, Zoran"]
[Result "1-0"]
[WhiteElo "2089"]
[BlackElo "1716"]
[PlyCount "59"]
[EventDate "2022.10.07"]
[EventType "swiss"]
[EventRounds "7"]
[EventCountry "MKD"]
[SourceTitle "EXT 2024"]
[Source "ChessBase"]
[SourceDate "2023.10.10"]
[SourceVersion "1"]
[SourceVersionDate "2023.10.10"]
[SourceQuality "1"]

1. e4 c5 2. c3 Nc6 3. d4 cxd4 4. cxd4 d5 5. exd5 Qxd5 6. Nf3 Bg4 7. Nc3 Qh5 8. Be2 0-0-0 9. Be3 Nf6 10. Rc1 Kb8 11. Qb3 e6 12. a3 Qa5 13. 0-0 Ka8 14. h3 Bh5 15. Rfd1 Bd6 16. Qa2 Bb8 17. b4 Qc7 18. Nb5 Qd7 19. Ne5 Qe8 20. Nxc6 bxc6 21. Bxh5 Nxh5 22. Nc3 Nf6 23. Qc4 Qd7 24. Ne2 Rc8 25. Bf4 Nd5 26. Bxb8 Kxb8 27. Ng3 f5 28. Qe2 Qd6 29. Rc5 Kb7 30. Kh1 1-0

[Event "Pristina Nderkombetar op"]
[Site "Pristina"]
[Date "2022.06.18"]
[Round "3"]
[White "Kralevski, Aleksander"]
[Black "Berisha, Enver"]
[Result "1-0"]
[WhiteElo "2055"]
[BlackElo "2165"]
[PlyCount "61"]
[EventDate "2022.06.17"]
[EventType "swiss"]
[EventRounds "9"]
[EventCountry "KOS"]
[SourceTitle "CBM 209 Extra"]
[Source "ChessBase"]
[SourceDate "2022.09.30"]
[SourceVersion "1"]
[SourceVersionDate "2022.09.30"]
[SourceQuality "1"]

1. e4 c5 2. c3 d6 3. d4 cxd4 4. cxd4 e6 5. Nc3 Nf6 6. Nf3 d5 7. exd5 Nxd5 8. Bd3 Be7 9. 0-0 0-0 10. Re1 Nc6 11. a3 Bf6 12. Bc2 Re8 13. Ne4 Be7 14. Ne5 f5 15. Nxc6 bxc6 16. Nc3 Bf6 17. Bb3 Bd7 18. Na4 Rb8 19. Nc5 Bc8 20. Bc4 Qd6 21. g3 h6 22. Ba2 Kh7 23. Qd3 Re7 24. b4 Bd7 25. Bd2 Be8 26. Nxe6 Bg6 27. Nf4 Re4 28. Nxg6 Rxd4 29. Qxf5 Rxd2 30. Ne7+ Kh8 31. Bb1 1-0

[Event "FRM-ch op"]
[Site "Skopje"]
[Date "2022.05.03"]
[Round "7"]
[White "Kralevski, Aleksander"]
[Black "Pancevski, Filip"]
[Result "0-1"]
[WhiteElo "2058"]
[BlackElo "2457"]
[PlyCount "98"]
[EventDate "2022.04.29"]
[EventType "swiss"]
[EventRounds "9"]
[EventCountry "MKD"]
[SourceTitle "CBM 208 Extra"]
[Source "ChessBase"]
[SourceDate "2022.07.31"]
[SourceVersion "1"]
[SourceVersionDate "2022.07.31"]
[SourceQuality "1"]

1. e4 d6 2. d4 Nf6 3. Nc3 g6 4. Be3 Bg7 5. Qd2 c6 6. Bh6 Bxh6 7. Qxh6 e5 8. dxe5 dxe5 9. Nf3 Qe7 10. Qd2 Rg8 11. Qh6 g5 12. g4 Rg6 13. Qh3 Bxg4 14. Qg3 Nbd7 15. 0-0-0 0-0-0 16. Be2 Bxf3 17. Qxf3 g4 18. Qg2 Nh5 19. Bc4 Nf4 20. Qg3 h5 21. Qe3 Nb6 22. Rxd8+ Kxd8 23. Rd1+ Kc7 24. Bb3 Rf6 25. Rd2 Nh3 26. a4 a5 27. Kb1 Rf4 28. Nd1 Ng5 29. Nc3 Rf3 30. Qe1 Qc5 31. Re2 Nc8 32. Re3 Nd6 33. Re2 f6 34. Ka2 Rh3 35. Re3 Rf3 36. Re2 Kb8 37. Rd2 Rh3 38. Qd1 Kc7 39. Re2 Rxc3 40. bxc3 Ngxe4 41. Rxe4 Nxe4 42. Qd3 f5 43. f3 Nd6 44. Be6 gxf3 45. Qxf3 e4 46. Qxh5 Qxc3 47. Qe2 f4 48. Bb3 f3 49. Qf2 Nc4 0-1

[Event "FRM-ch op"]
[Site "Skopje"]
[Date "2022.05.01"]
[Round "4"]
[White "Kostadinovski, Zoran"]
[Black "Kralevski, Aleksander"]
[Result "0-1"]
[WhiteElo "1914"]
[BlackElo "2058"]
[PlyCount "54"]
[EventDate "2022.04.29"]
[EventType "swiss"]
[EventRounds "9"]
[EventCountry "MKD"]
[SourceTitle "CBM 208 Extra"]
[Source "ChessBase"]
[SourceDate "2022.07.31"]
[SourceVersion "1"]
[SourceVersionDate "2022.07.31"]
[SourceQuality "1"]

1. e4 e5 2. Nf3 Nf6 3. d3 Nc6 4. Nc3 d5 5. exd5 Nxd5 6. a3 Bc5 7. Be2 0-0 8. 0-0 Re8 9. Nxd5 Qxd5 10. b4 Be7 11. c4 Qd6 12. Bb2 Bf6 13. Ne1 Nd4 14. Bxd4 Qxd4 15. Rb1 Bf5 16. Rb3 Rad8 17. Nc2 Qd6 18. Ne3 Bg6 19. Qc2 Bg5 20. Nd1 e4 21. Nb2 e3 22. f3 Bf4 23. h3 Bf5 24. c5 Qh6 25. Bd1 Qh4 26. g4 e2 27. Bxe2 Qg3+ 0-1

[Event "FRM-ch op"]
[Site "Struga"]
[Date "2021.07.31"]
[Round "9"]
[White "Kralevski, Aleksander"]
[Black "Lazov, Toni"]
[Result "1/2-1/2"]
[WhiteElo "2090"]
[BlackElo "2412"]
[PlyCount "104"]
[EventDate "2021.07.24"]
[EventType "swiss"]
[EventRounds "9"]
[EventCountry "MKD"]
[SourceTitle "CBM 203 Extra"]
[Source "ChessBase"]
[SourceDate "2021.09.30"]
[SourceVersion "1"]
[SourceVersionDate "2021.09.30"]
[SourceQuality "1"]

1. e4 e5 2. Nf3 d6 3. d4 exd4 4. Nxd4 Nf6 5. Nc3 g6 6. Bg5 h6 7. Bxf6 Qxf6 8. Nd5 Qd8 9. Nb5 c6 10. Nbc7+ Kd7 11. Nxa8 cxd5 12. Qd4 Be7 13. Bb5+ Nc6 14. Qxa7 dxe4 15. Nb6+ Ke6 16. Bxc6 bxc6 17. Nxc8 Qxc8 18. 0-0 f5 19. a4 Qa8 20. Qe3 Bg5 21. Qb3+ d5 22. a5 Rb8 23. Qa2 Qa6 24. c3 Bf6 25. Rfc1 c5 26. Rab1 c4 27. b3 Rxb3 28. Rxb3 cxb3 29. Qxb3 Qxa5 30. c4 dxc4 31. Qxc4+ Qd5 32. Qc7 Be7 33. Qc8+ Kf6 34. Qh8+ Kg5 35. Qc3 Bd6 36. g3 f4 37. Ra1 Be5 38. gxf4+ Kxf4 39. Qe3+ Kf5 40. Re1 Bf4 41. Qh3+ Kg5 42. Qg2+ Kf5 43. Kh1 Qd3 44. Ra1 Be5 45. Re1 Bf4 46. Kg1 h5 47. Ra1 Be5 48. Re1 Qf3 49. h3 g5 50. Qxf3+ exf3 51. Re3 g4 52. hxg4+ hxg4 1/2-1/2

[Event "FRM-chT qual Final"]
[Site "Ohrid"]
[Date "2020.08.24"]
[Round "1.1"]
[White "Gecovski, Goce"]
[Black "Kralevski, Aleksander"]
[Result "1/2-1/2"]
[WhiteElo "2169"]
[BlackElo "2102"]
[PlyCount "28"]
[EventDate "2020.08.24"]
[EventType "team-tourn"]
[EventRounds "3"]
[EventCountry "MKD"]
[SourceTitle "EXT 2021"]
[Source "ChessBase"]
[SourceDate "2020.10.23"]
[SourceVersion "1"]
[SourceVersionDate "2020.10.23"]
[SourceQuality "1"]
[WhiteTeam "Bitola Stevo Patako"]
[BlackTeam "Shipkovica Anpasan"]
[WhiteTeamCountry "MKD"]
[BlackTeamCountry "MKD"]

1. e4 e5 2. Nf3 Nc6 3. Bb5 a6 4. Ba4 Nf6 5. 0-0 Nxe4 6. d4 b5 7. Bb3 d5 8. dxe5 Be6 9. Nbd2 Nc5 10. c3 d4 11. Ng5 Qxg5 12. Qf3 0-0-0 13. Bxe6+ fxe6 14. Qxc6 Qxe5 1/2-1/2